000 00775nam a2200253Ia 4500
003 OSt
005 20220923223917.0
006 a|||||r|||| 00| 0
007 ta
008 220922b |||||||| |||| 00| 0 hin d
024 _a223,182
037 _cTextual
040 _aARTS
_cARTS
_bhin
041 _2hin
_ahin
082 _aO152,3M80,PR, P2
100 _aप्रेमचंद
_9156277
245 0 _aप्रेमाश्रम
246 _aPremāshrama
260 _aनई दिल्ली
_b प्रकाशन संस्थान
_c2002
300 _a386पृ.
_ccm.
650 _aहिन्दी साहित्य
_9156264
942 _hO152,3M80,PR, P2
_cTEXL
_2CC
999 _c368159
_d368159